<?xml version="1.0" encoding="UTF-8"?>
<record
    xmlns:xsi="http://www.w3.org/2001/XMLSchema-instance"
    xsi:schemaLocation="http://www.loc.gov/MARC21/slim http://www.loc.gov/standards/marcxml/schema/MARC21slim.xsd"
    xmlns="http://www.loc.gov/MARC21/slim">

  <leader>00996nam a22002897b 4500</leader>
  <controlfield tag="003">3228</controlfield>
  <controlfield tag="005">20250411104031.0</controlfield>
  <controlfield tag="008">240918b        sa ||||| |||| 00| 0 eng d</controlfield>
  <datafield tag="020" ind1=" " ind2=" ">
    <subfield code="a">9781430802006</subfield>
    <subfield code="q">pbk</subfield>
  </datafield>
  <datafield tag="040" ind1=" " ind2=" ">
    <subfield code="a">RDA</subfield>
    <subfield code="c">3228</subfield>
  </datafield>
  <datafield tag="041" ind1=" " ind2=" ">
    <subfield code="2">E</subfield>
  </datafield>
  <datafield tag="082" ind1=" " ind2=" ">
    <subfield code="a">ST 621.3 ELEC</subfield>
  </datafield>
  <datafield tag="110" ind1=" " ind2=" ">
    <subfield code="a">Jowaheer Consulting &amp; Technologies (Firm)</subfield>
    <subfield code="9">189128</subfield>
  </datafield>
  <datafield tag="245" ind1=" " ind2=" ">
    <subfield code="a">Electrical systems &amp; construction: NQF level 3, student's book/</subfield>
    <subfield code="c">Jowaheer Consulting &amp; Technologies (Firm)</subfield>
  </datafield>
  <datafield tag="250" ind1=" " ind2=" ">
    <subfield code="a"> [Rev. ed.]</subfield>
  </datafield>
  <datafield tag="260" ind1=" " ind2=" ">
    <subfield code="a">Northcliff:</subfield>
    <subfield code="b">Troupant Publishers,</subfield>
    <subfield code="c">2013.</subfield>
  </datafield>
  <datafield tag="300" ind1=" " ind2=" ">
    <subfield code="a">252 pages:</subfield>
    <subfield code="b">Illustrations;</subfield>
    <subfield code="c">30cm.</subfield>
  </datafield>
  <datafield tag="490" ind1=" " ind2=" ">
    <subfield code="a">TVET First series.</subfield>
  </datafield>
  <datafield tag="500" ind1=" " ind2=" ">
    <subfield code="a">"Revised curriculum for 2014 implementation"--T.p.</subfield>
  </datafield>
  <datafield tag="521" ind1=" " ind2=" ">
    <subfield code="a">FET Student&#x2019;s book</subfield>
  </datafield>
  <datafield tag="650" ind1=" " ind2=" ">
    <subfield code="a">Electricity--Study and teaching </subfield>
    <subfield code="9">189129</subfield>
    <subfield code="v"> Electricity--Problems, exercises, etc.</subfield>
  </datafield>
  <datafield tag="650" ind1=" " ind2=" ">
    <subfield code="a">Electricity--Textbooks</subfield>
    <subfield code="9">193020</subfield>
  </datafield>
  <datafield tag="942" ind1=" " ind2=" ">
    <subfield code="w">169</subfield>
    <subfield code="x">Boniswa Ngcongolo</subfield>
    <subfield code="y">367</subfield>
    <subfield code="z">Ellen Msibi</subfield>
  </datafield>
  <datafield tag="942" ind1=" " ind2=" ">
    <subfield code="2">ddc</subfield>
  </datafield>
  <datafield tag="942" ind1=" " ind2=" ">
    <subfield code="2">ddc</subfield>
  </datafield>
  <datafield tag="942" ind1=" " ind2=" ">
    <subfield code="2">ddc</subfield>
    <subfield code="c">BOOK</subfield>
  </datafield>
  <datafield tag="999" ind1=" " ind2=" ">
    <subfield code="c">767834</subfield>
    <subfield code="d">767833</subfield>
  </datafield>
  <datafield tag="952" ind1=" " ind2=" ">
    <subfield code="0">0</subfield>
    <subfield code="1">0</subfield>
    <subfield code="2">ddc</subfield>
    <subfield code="4">0</subfield>
    <subfield code="7">0</subfield>
    <subfield code="8">600</subfield>
    <subfield code="a">ERMELL</subfield>
    <subfield code="b">ERMELL</subfield>
    <subfield code="c">GEN</subfield>
    <subfield code="d">2024-09-18</subfield>
    <subfield code="g">577.95</subfield>
    <subfield code="o">ST 621.3 ELEC</subfield>
    <subfield code="p">3322803175850</subfield>
    <subfield code="r">2024-09-18</subfield>
    <subfield code="w">2024-09-18</subfield>
    <subfield code="y">BOOK</subfield>
  </datafield>
  <datafield tag="952" ind1=" " ind2=" ">
    <subfield code="0">0</subfield>
    <subfield code="1">0</subfield>
    <subfield code="2">ddc</subfield>
    <subfield code="4">0</subfield>
    <subfield code="7">0</subfield>
    <subfield code="8">600</subfield>
    <subfield code="a">SECL</subfield>
    <subfield code="b">SECL</subfield>
    <subfield code="c">Non_Fiction</subfield>
    <subfield code="d">2025-04-11</subfield>
    <subfield code="g">300.00</subfield>
    <subfield code="o">ST 621.3 ELEC</subfield>
    <subfield code="p">069016</subfield>
    <subfield code="r">2025-04-11</subfield>
    <subfield code="w">2025-04-11</subfield>
    <subfield code="y">BOOK</subfield>
    <subfield code="z">Studyguide</subfield>
  </datafield>
</record>
